Sports Quiz

Random Sports or Soccer Quiz

Tous les joueurs de Inter-Bayern 2010 Quiz Stats

 Plays Quiz not verified by Sporcle

Support Sporcle.
Go Orange.
Score 0/36 Timer 10:00
0 Plays Today
Club Joueur % Correct
Inter MilanSamuel Eto'o
86.9%
Inter MilanJavier Zanetti
81.7%
Inter MilanDiego Milito
77.9%
Bayern MunichArjen Robben
71.5%
Bayern MunichPhilipp Lahm
69.9%
Inter MilanJulio César
64.6%
Bayern MunichThomas Müller
58.2%
Inter MilanWesley Sneijder
56.1%
Inter MilanMaicon
55.6%
Inter MilanEsteban Cambiasso
54%
Inter MilanLucio
48.5%
Inter MilanWalter Samuel
42.5%
Bayern MunichBastian Schweinsteiger
38.9%
Inter MilanMarco Materazzi
38.4%
Bayern MunichDaniel van Buyten
34.2%
Bayern MunichMario Gomez
33.7%
Bayern MunichMiroslav Klose
31.2%
Inter MilanChristian Chivu
30.2%
Club Joueur % Correct
Inter MilanDejan Stankovic
29.7%
Inter MilanGoran Pandev
24.9%
Bayern MunichIvica Olic
24.8%
Inter MilanFrancesco Toldo
24.6%
Inter MilanMario Balotelli
23.5%
Bayern MunichMark van Bommel
19.7%
Inter MilanIvan Cordoba
18.8%
Bayern MunichHans-Jörg Butt
18.3%
Bayern MunichMartin Demichelis
16.3%
Bayern MunichHolger Badstuber
13%
Inter MilanSulley Muntari
12.8%
Bayern MunichDiego Contento
8.3%
Bayern MunichHamit Altintop
8.2%
Bayern MunichMichael Rensing
5.4%
Inter MilanMcDonald Mariga
4.1%
Bayern MunichDanijel Pranjic
3.8%
Bayern MunichAnatoliy Tymoshchuk
3%
Bayern MunichAndreas Gorlitz
2%

You're not logged in!

Compare scores with friends on all Sporcle quizzes.
OR
Log In

From the Vault

Character, Movie, Object Match-Up

by AdamL

This quiz is loaded with MacGuffins.
Remove Ads.
Support Sporcle.
Get the best of Sporcle when you Go Orange. This ad-free experience offers more features, more stats, and more fun while also helping to support Sporcle. Thank you for becoming a member.

Show Comments

Extras

Top Quizzes Today


Score Distribution

Your Account Isn't Verified!

In order to create a playlist on Sporcle, you need to verify the email address you used during registration. Go to your Sporcle Settings to finish the process.

Report this User

Report this user for behavior that violates our Community Guidelines.

Details: